000 00284nam a22001337a 4500
008 170627b xxu||||| |||| 00| 0 eng d
020 _a080711460X
041 _aeng
080 _a32
100 _a21
101 _aSHP
245 _aAMERICAN DIPLOMACY
_cCRABB, C.V
942 _2udc
_cBK
999 _c19154
_d19154